书目信息 |
| 题名: |
罗曼·罗兰音乐笔记
|
|
| 作者: | 罗曼·罗兰 著 ;秦传安 译 | |
| 分册: | ||
| 出版信息: | 上海 上海人民出版社 2020.12 |
|
| 页数: | 305页 | |
| 开本: | 22cm | |
| 丛书名: | ||
| 单 册: | ||
| 中图分类: | J605.5 | |
| 科图分类: | ||
| 主题词: | 古典音乐--音乐欣赏--欧洲 | |
| 电子资源: | ||
| ISBN: | 978-7-208-16563-2 | |
| 000 | 01500nam0 2200265 45 | |
| 001 | 012001001475 | |
| 005 | 20130912134849.0 | |
| 010 | @a978-7-208-16563-2@dCNY58.00 | |
| 100 | @a20210207d2020 em y0chiy0110 ea | |
| 101 | 1 | @achi@cfre |
| 102 | @aCN@b310000 | |
| 105 | @ay z 000yy | |
| 106 | @ar | |
| 200 | 1 | @a罗曼·罗兰音乐笔记@Aluo man · luo lan yin yue bi ji@dA musical tour through the land of the past@f(法)罗曼·罗兰(Romain Rolland)著@g秦传安译@zeng |
| 210 | @a上海@c上海人民出版社@d2020.12 | |
| 215 | @a305页@d22cm | |
| 300 | @a并列题名:Musical tour through the land of the past | |
| 330 | @a在罗曼·罗兰的作品中,音乐有着极为突出的地位,他具有出色的钢琴演奏技能,在音乐方面有深入的研究,撰写了一系列重要的音乐专著。这些著作不仅具有音乐领域的价值,而且因其对欧洲文学、历史的深入理解而具有更深广层面上的人文价值。本书所选内容是他的音乐散文中最有价值的部分。本稿分为两辑,一是音乐史札记,二是音乐家素描,以优美的笔调追溯了十八世纪古典音乐的起源,生动地描述了十八、十九世纪意大利和德国的音乐风格,让莫扎特、贝多芬、柏辽兹、施特劳斯等伟大音乐家的形象跃然纸上,为读者呈现出黄金时代的欧洲音乐风貌, 同时也体现出作为一个文学大家,罗曼·罗兰汪洋恣肆、沉雄博大的想象力,以及直抵人心的洞察力。 | |
| 510 | 1 | @aMusical tour through the land of the past@zeng |
| 606 | 0 | @a古典音乐@x音乐欣赏@y欧洲 |
| 690 | @aJ605.5@v5 | |
| 701 | 0 | @c(法)@a罗曼·罗兰@Aluo man · luo lan@4著 |
| 702 | 0 | @a秦传安@Aqin chuan an@4译 |
| 801 | @aCN@b江苏凤凰@c20211018 | |
| 905 | @b1343646-9@dJ605.5@e1343@f4 | |
| 罗曼·罗兰音乐笔记=A musical tour through the land of the past/(法)罗曼·罗兰(Romain Rolland)著/秦传安译.-上海:上海人民出版社,2020.12 |
| 305页;22cm |
| 并列题名:Musical tour through the land of the past |
| ISBN 978-7-208-16563-2:CNY58.00 |
| 在罗曼·罗兰的作品中,音乐有着极为突出的地位,他具有出色的钢琴演奏技能,在音乐方面有深入的研究,撰写了一系列重要的音乐专著。这些著作不仅具有音乐领域的价值,而且因其对欧洲文学、历史的深入理解而具有更深广层面上的人文价值。本书所选内容是他的音乐散文中最有价值的部分。本稿分为两辑,一是音乐史札记,二是音乐家素描,以优美的笔调追溯了十八世纪古典音乐的起源,生动地描述了十八、十九世纪意大利和德国的音乐风格,让莫扎特、贝多芬、柏辽兹、施特劳斯等伟大音乐家的形象跃然纸上,为读者呈现出黄金时代的欧洲音乐风貌, 同时也体现出作为一个文学大家,罗曼·罗兰汪洋恣肆、沉雄博大的想象力,以及直抵人心的洞察力。 |
| ● |
| 相关链接 |
|
|
|
|
正题名:罗曼·罗兰音乐笔记
索取号:J605.5/1343
 
预约/预借
| 序号 | 登录号 | 条形码 | 馆藏地/架位号 | 状态 | 备注 |
| 1 | 1343646 | 213436469 | 第一样本阅览室/ [索取号:J605.5/1343] | 在馆 | |
| 2 | 1343647 | 213436478 | 第一借阅区/ [索取号:J605.5/1343] | 在馆 | |
| 3 | 1343648 | 213436487 | 第一借阅区/ [索取号:J605.5/1343] | 在馆 | |
| 4 | 1343649 | 213436496 | 第一借阅区/ [索取号:J605.5/1343] | 在馆 |